| 000 -LEADER |
| fixed length control field |
00661nam a22002057a 4500 |
| 005 - DATE AND TIME OF LATEST TRANSACTION |
| control field |
20240919164748.0 |
| 008 - FIXED-LENGTH DATA ELEMENTS--GENERAL INFORMATION |
| fixed length control field |
240919s2021 enk||||| |||| 00| 0 eng d |
| 020 ## - INTERNATIONAL STANDARD BOOK NUMBER |
| International Standard Book Number |
9781911510703x |
| 041 ## - LANGUAGE CODE |
| Language code of text/sound track or separate title |
eng |
| 080 ## - UNIVERSAL DECIMAL CLASSIFICATION NUMBER |
| Universal Decimal Classification number |
575+61 R-30 |
| 100 ## - MAIN ENTRY--PERSONAL NAME |
| Personal name |
Read, Andrew |
| 9 (RLIN) |
7115 |
| 245 ## - TITLE STATEMENT |
| Title |
New Clinical Genetics / |
| Statement of responsibility, etc. |
Andrew Read, Dian Donnai. |
| 250 ## - EDITION STATEMENT |
| Edition statement |
fourth edition |
| 264 ## - PRODUCTION, PUBLICATION, DISTRIBUTION, MANUFACTURE, AND COPYRIGHT NOTICE |
| Place of production, publication, distribution, manufacture |
Banbury : |
| Name of producer, publisher, distributor, manufacturer |
Scion Publishing, |
| Date of production, publication, distribution, manufacture, or copyright notice |
2021. |
| 300 ## - PHYSICAL DESCRIPTION |
| Extent |
440 p.: |
| Other physical details |
ill.; |
| Dimensions |
27 cm. |
| 653 ## - INDEX TERM--UNCONTROLLED |
| keyword |
ახალი კლინიკური გენეტიკა |
| 653 ## - INDEX TERM--UNCONTROLLED |
| keyword |
მედიცინა |
| 700 ## - ADDED ENTRY--PERSONAL NAME |
| Personal name |
Donnai, Dian |
| Relator term |
ავტორი |
| 9 (RLIN) |
10336 |
| 942 ## - ADDED ENTRY ELEMENTS (KOHA) |
| Source of classification or shelving scheme |
|
| Koha item type |
წიგნი |